| 000 | 00471nam a2200181 a 4500 | ||
|---|---|---|---|
| 001 | 2982 | ||
| 003 | CDMR | ||
| 005 | 20131129102253.0 | ||
| 008 | 130130s1969||||||||||||||||||||||||||||d | ||
| 040 |
_aCDMR _bcat _cCDMR |
||
| 100 | 1 |
_aDorfles, Gillo _92192 |
|
| 245 | 1 | 0 |
_aNuevos ritos, nuevos mitos _cGillo Dorfles |
| 260 |
_aBarcelona _c1969 _bLumen |
||
| 300 |
_a310 p ; _c19 cm |
||
| 490 | 0 |
_aPalabra en el Tiempo _v47 |
|
| 650 | 0 | 4 |
_93478 _aCultura de massa |
| 942 |
_cMON _2udc |
||
| 999 |
_c2982 _d2982 |
||